000 01413nam a22002297a 4500
999 _c57745
_d57745
003 Ge_BSU
005 20201022133909.0
008 201022s2009 xxu||||| |||| 00| 0 geo d
020 _a9789941412134
041 _ageo
080 _a37.01(075.8) +1 შ-51
100 _aშერვაშიძე, გულიკო.
_9369
245 _aგანათლების ფილოსოფიის შესავალი :
_b [სახელმძღვ. უმაღლ. სასწ. სტუდ.] /
_cგულიკო შერვაშიძე ; [რედ.: იური ბიბილეიშვილი, მერმან გორგოშაძე].
264 _aბათუმი :
_bშოთა რუსთაველის სახელმწ. უნ-ტის გამ-ბა და სტ.,
_c2009.
300 _a150გვ. ;
_c20სმ.
504 _aბიბლიოგრ.: გვ. 146-148.
653 _aგანათლების ფილოსოფია - სახელმძღვანელოები უმაღლესი სასწავლებლებისათვის.
653 _aპედაგოგიკა
700 _aბიბილეიშვილი, იური
_eრედაქტორი
_9800
700 _a გორგოშაძე, მერმან
_eრედაქტორი
_99655
942 _2udc
_cBK